山口県の市町村(1960年) - Statistics

General Stats
  • This quiz has been taken 55 times
  • The average score is 47 of 58
Answer Stats
No. 市町村 備考 % Correct
1 下関市
100%
3 山口市
100%
4 萩市
100%
8 岩国市
100%
13 美祢市
100%
2 宇部市
97%
5 徳山市 2003年消滅
97%
6 防府市
97%
7 下松市
97%
9 小野田市 2005年消滅
97%
10 光市
97%
11 長門市
97%
12 柳井市
97%
52 阿武郡 阿武町
94%
41 厚狭郡 山陽町 2005年消滅
91%
15 大島郡 大島町 2004年消滅
88%
18 玖珂郡 和木村 1973年昇格
88%
27 熊毛郡 上関町
88%
29 熊毛郡 田布施町
88%
37 吉敷郡 小郡町 2005年消滅
88%
30 熊毛郡 平生町
84%
33 都濃郡 南陽町 1970年昇格
84%
20 玖珂郡 玖珂町 2006年消滅
81%
23 玖珂郡 錦町 2006年消滅
81%
54 阿武郡 阿東町 2010年消滅
81%
31 熊毛郡 熊毛町 2003年消滅
78%
43 豊浦郡 豊田町 2005年消滅
78%
44 豊浦郡 豊浦町 2005年消滅
78%
46 美祢郡 美東町 2008年消滅
78%
17 大島郡 橘町 2004年消滅
75%
22 玖珂郡 周東町 2006年消滅
75%
24 玖珂郡 大畠村 1971年昇格
75%
35 佐波郡 徳地町 2005年消滅
75%
42 豊浦郡 菊川町 2005年消滅
75%
45 豊浦郡 豊北町 2005年消滅
75%
47 美祢郡 秋芳町 2008年消滅
75%
55 阿武郡 むつみ村 2005年消滅
75%
16 大島郡 東和町 2004年消滅
72%
19 玖珂郡 由宇町 2006年消滅
72%
32 都濃郡 鹿野町 2003年消滅
72%
36 吉敷郡 秋穂町 2005年消滅
72%
38 吉敷郡 阿知須町 2005年消滅
72%
40 厚狭郡 楠町 2004年消滅
72%
48 大津郡 三隅町 2005年消滅
72%
50 大津郡 油谷町 2005年消滅
72%
53 阿武郡 田万川町 2005年消滅
72%
56 阿武郡 須佐町 2005年消滅
72%
57 阿武郡 旭村 2005年消滅
72%
21 玖珂郡 本郷村 2006年消滅
69%
25 玖珂郡 美川町 2006年消滅
69%
28 熊毛郡 大和村 1971年昇格
69%
49 大津郡 日置村 1978年昇格
69%
51 阿武郡 川上村 2005年消滅
69%
58 阿武郡 福栄村 2005年消滅
69%
14 大島郡 久賀町 2004年消滅
66%
26 玖珂郡 美和町 2006年消滅
66%
34 都濃郡 都濃町 1966年消滅
63%
39 吉敷郡 大内町 1963年消滅
63%
No matching quizzes found
Score Distribution
Percent of People with Each Score
Percentile by Number Answered
Your Score History
You have not taken this quiz